Statistiques concernant Les footballeurs argentins en 2024 (image)

Cliquez ici pour prendre le quiz!

Statistiques générales

  • Ce quiz a été pris 74 fois
  • Le résultat moyen est 17 sur 20

Statistiques - réponses

Réponse% Correct
Angel Di Maria
100%
Emiliano Martinez
100%
Enzo Fernández
100%
Julian Álvarez
100%
Lautaro Martinez
100%
Lionel Messi
100%
Paulo Dybala
100%
Rodrigo de Paul
99%
Alexis Mac Allister
97%
Alejandro Garnacho
94%
Nicolas Tagliáfico
90%
Leandro Paredes
88%
Nicolas Otamendi
87%
Lisandro Martinez
84%
Cristian Romero
79%
Giovani Lo Celso
76%
Marcos Acuna
75%
Nahuel Molina
58%
Exequiel Palacios
57%
Gonzalo Montiel
51%

Distribution des résultats

Percentile par nombre de réponses

% des personnes avec chaque résultat

Votre développement - résultats

Vous n’avez pas pris ce quiz